000 00621nam a22002297a 4500
001 BD-DhSAU 5102
003 BD-DhSAU
005 20150411141325.0
008 150411b1987 - |||||r|||| 001 0 eng d
020 _a0444989366
040 _aBD-DhSAU
082 _222
_a543
_bXUC
100 _aKumada, Kyoichi
245 _aChemistry of soil organic matter vol. 17 /
_cKyoichi Kumada
260 _aNew York :
_bJapan Sceintific Societies Press,
_cc1987.
300 _axi, 241 p. :
_bill. ;
_c24 cm.
440 _vvol. 17
504 _aIncludes index.
590 _aerfat
650 _aSoil science.
650 _aChemistry.
942 _2ddc
_cBOOK
999 _c5102
_d5102